History Quiz

Random History or Famous Quiz

Find the Women's Hall of Fame Inductees Quiz Stats

 Plays Quiz Updated Jan 21, 2019

Support Sporcle.
Go Orange.
Score 0/20 Timer 04:00
1 Play Today
% Correct
Amelia Earhart (1973)
94.5%
Sacagawea (2003)
92.9%
Billie Jean King (1990)
92%
Ella Fitzgerald (1995)
90.1%
Lucille Ball (2001)
89.7%
Annie Oakley (1993)
89.2%
Madeleine Albright (1998)
86.4%
Rosa Parks (1993)
83.6%
Sally Ride (1988)
83.2%
Julia Child (2007)
82.6%
% Correct
Sandra Day O'Connor (1995)
79.4%
Betty Ford (2013)
78.4%
Helen Keller (1973)
78%
Harriet Tubman (1973)
77.8%
Sojourner Truth (1981)
71.7%
Susan B. Anthony (1973)
71.5%
Emily Dickinson (1973)
69.9%
Zora Neale Hurston (1994)
66.3%
Grace Hopper (1994)
61.9%
Mary Baker Eddy (1995)
56.6%

You're not logged in!

Compare scores with friends on all Sporcle quizzes.
OR
Log In

From the Vault

Clickable Chess Moves - Queen, Bishop, & Rook

by goc3

We're fairly sure this won't make you a chess grandmaster, but you're welcome to challenge someone.
Remove Ads.
Support Sporcle.
Get the best of Sporcle when you Go Orange. This ad-free experience offers more features, more stats, and more fun while also helping to support Sporcle. Thank you for becoming a member.

Show Comments

Extras

Top Quizzes Today


Score Distribution

Your Account Isn't Verified!

In order to create a playlist on Sporcle, you need to verify the email address you used during registration. Go to your Sporcle Settings to finish the process.

Report this User

Report this user for behavior that violates our Community Guidelines.

Details: